Brawl Stars: Shade Skins by Picture - Statistics

General Stats
  • This quiz has been taken 14 times
    8 since last reset
  • The average score is 5 of 5
Answer Stats
Picture Answer % Correct
Cinema Shade
100%
True Gold Shade
100%
True Silver Shade
100%
Brawlentine's Bear Shade
83%
Street Shade
67%
No matching quizzes found
Score Distribution
Percent of People with Each Score
Percentile by Number Answered
Your Score History
You have not taken this quiz since the last reset